000 00868 a2200217 4500
005 20080917112147.0
008 080917t xxu||||| |||| 00| 0 eng d
010 _aENG-87786
020 _a8178801310
_c650.00
035 _aEN-71319
037 _bDBAD / PUB
082 _a338.4791
100 _aPruthi, R.K.
245 _aInternational tourism
_bpotentials measurement and prospects
_cby R.K. Pruthi
260 _aNew Delhi
_bRajat Publications
_c2004
270 _a4675/21, Ansari Road, Daryaganj
_bNew Delhi
_e110 002
300 _aV, 340 p.
_c22 cm ( Hb.)
500 _aIncludes bibliograpgical references and index
942 _adpl
_cEN
_k338.4791/PRU
_2ddc
_h338.4791
_mPRU
999 _c6985
_d6985